01324npi a2200265 a 4500003000400000005001700004008004100021040001500062245009600077246004900173250000900222505018900231505009700420650003400517650002500551650003000576650003400606650002800640710005600668856007900724856011800803942001500921999001900936952010300955OSt20250303122131.0230524q2023 ||||||||o|||| 00| 0 eng d aChapcChap00aCABI Compendium: Animal Health and Production = CABI Compendio: Salud y Producción Animal31aCABI Compendio:bSalud y Producción Animal a2023 gCompilación de información que vincula el conocimiento sobre salud, enfermedades, inocuidad y calidad de los alimentos y aspectos de cría de la producción ganadera y avícola. gCobertura detallada de los aspectos sanitarios y productivos del ganado y las aves de corral 09143387aProducción ganadera 798636aAves de corral 7982275aNutrición animal 09141403aEnfermedades animales 7912634aBienestar animal2 9187137aCAB International (Wallingford, Inglaterra) uhttps://www.cabidigitallibrary.org/journal/cabicompendiumzACCESO RED UACh uhttps://chapingo.idm.oclc.org/login?url=https://www.cabidigitallibrary.org/journal/cabicompendiumzACCESO EXTERNO cITEMRECELE c218819d218819 00102local40708RecEleaBDbBDcE_Ld2023-05-24l0r2023-05-24 00:00:00w2023-05-24yITEMRECELE